Normal view MARC view
  • Product Design Principles

Entry Topical Term

Number of records used in: 1

001 - CONTROL NUMBER

  • control field: 112389

003 - CONTROL NUMBER IDENTIFIER

  • control field: NUST

005 - DATE AND TIME OF LATEST TRANSACTION

  • control field: 20230516152105.0

008 - FIXED-LENGTH DATA ELEMENTS

  • fixed length control field: 230516|| aca||aabn | a|a d

040 ## - CATALOGING SOURCE

  • Original cataloging agency: NUST
  • Transcribing agency: NUST

150 ## - HEADING--TOPICAL TERM

  • Topical term or geographic name entry element: Product Design Principles

670 ## - SOURCE DATA FOUND

  • Source citation: Work cat.: (NUST)594740: Seider, Warren D. 112280, Product and Process Design Principles;, 2010.
© 2023 Central Library, National University of Sciences and Technology. All Rights Reserved.